header

Ethics (Record no. 23781)

MARC details
000 -LEADER
fixed length control field 01216nam a2200325Ia 4500
082 04 - DEWEY DECIMAL CLASSIFICATION NUMBER
Classification number 174/.2
100 1# - MAIN ENTRY--AUTHOR NAME
Personal name Seedhouse, David,
245 10 - TITLE STATEMENT
Title Ethics
250 ## - EDITION STATEMENT
Edition statement 3rd ed.
260 ## - PUBLICATION, DISTRIBUTION, ETC. (IMPRINT)
Place of publication Chichester, U.K. :
Name of publisher Wiley-Blackwell :
-- Values Exchange,
Year of publication 2009.
300 ## - PHYSICAL DESCRIPTION
Number of Pages lx, 212 p. :
Other physical details ill.
650 #0 - SUBJECT ADDED ENTRY--TOPICAL TERM
Topical Term Medical ethics.
Topical Term Ethics.
856 40 - ELECTRONIC LOCATION AND ACCESS
Uniform Resource Identifier http://site.ebrary.com/lib/rucke/Doc?id=10270679

No items available.

© 2026 Rongo University
Contact us: librarian | system librarian | Rongo university